000 01184nam a2200325 a 4500
001 ebr10480477
003 CaPaEBR
006 m u
007 cr cn|||||||||
008 110713s2006 enka sb 001 0 eng d
020 _z1903734649
020 _z9781903734643
020 _z9781905832248 (e-book)
040 _aCaPaEBR
_cCaPaEBR
035 _a(OCoLC)667007106
050 1 4 _aRE46
_b.P36 2006eb
100 1 _aPane, Anthony.
245 1 0 _aFast facts
_h[electronic resource] :
_bophthalmology /
_cAnthony Pane, Peter Simcock.
260 _aAbingdon, Oxford :
_bHealth Press Ltd.,
_c2006.
300 _a100 p. :
_bill.
490 1 _aFast facts
504 _aIncludes bibliographical references and index.
533 _aElectronic reproduction.
_bPalo Alto, Calif. :
_cebrary,
_d2013.
_nAvailable via World Wide Web.
_nAccess may be limited to ebrary affiliated libraries.
650 0 _aOphthalmology.
655 7 _aElectronic books.
_2local
700 1 _aSimcock, Peter.
710 2 _aebrary, Inc.
830 0 _aFast facts.
856 4 0 _uhttp://site.ebrary.com/lib/rucke/Doc?id=10480477
_zAn electronic book accessible through the World Wide Web; click to view
999 _c221006
_d221006